01419nam a2200337 a 4500001001200000003000800012006001900020007001500039008004100054010001700095020002500112020002200137020002700159040002100186035002100207041001300228050002500241100006600266245010000332260007600432300001600508490005900524500002900583533015200612650006000764655002900824700004900853710001700902830003600919856012600955ebr10382785CaPaEBRm u cr cn|||||||||100609r20051955dcu s 000 0 eng d z 65027501  z9780813214467 (pbk.) z0813214467 (pbk.) z9780813211299 (e-book) aCaPaEBRcCaPaEBR a(OCoLC)6479197831 aenghund14aBR160.E5bE54 2005eb0 aEusebius,cof Caesarea, Bishop of Caesarea,dca. 260-ca. 340.10aEcclesiastical history.n(Books 6-10)h[electronic resource] /ctranslated by Roy J. Deferrari. aWashington, D.C. :bCatholic University of America Press,c2005, c1955. axii, 325 p.1 aThe fathers of the church : a new translation ;vv. 29 aFirst paperback reprint. aElectronic reproduction.bPalo Alto, Calif. :cebrary,d2013.nAvailable via World Wide Web.nAccess may be limited to ebrary affiliated libraries. 0aChurch historyyPrimitive and early church, ca. 30-600. 7aElectronic books.2local1 aDeferrari, Roy J.q(Roy Joseph),d1890-1969.2 aebrary, Inc. 0aFathers of the church ;vv. 29.40uhttp://site.ebrary.com/lib/rucke/Doc?id=10382785zAn electronic book accessible through the World Wide Web; click to view